Analiza wykorzystania czasu wolnego przez dzieci i młodzież miasta Gdynia / (Rekord nr 8317)
| 000 -ETYKIETA REKORDU | |
|---|---|
| podpole kontrolne o stałej długości | 00827naa a22001817i 4500 |
| 003 - IDENTYFIKATOR NUMERU KONTROLNEGO REKORDU | |
| podpole kontrolne | KOSZ 005 |
| 005 - DATA OSTATNIEJ MODYFIKACJI REKORDU | |
| podpole kontrolne | 20180416111125.0 |
| 008 - POLE O STAŁEJ DŁUGOŚCI - DANE KONTROLNE | |
| podpole kontrolne o stałej długości | 160308s2008 pl ||||| ||||0|| 0 pol |
| 035 ## - NUMER SYSTEMOWY | |
| Numer systemowy przejętego rekordu | PBN-R:246253 |
| 040 ## - ŹRÓDŁO KATALOGOWANIA | |
| Instytucja, która utworzyła rekord | KOSZ 005/md |
| Instytucja, która sporządziła opis | PBN-ID |
| 041 0# - KOD JĘZYKA | |
| Kod języka tekstu | pol |
| 100 ## - NAZWA OSOBOWA | |
| Nazwa osobowa | SZWICHTENBERG, Aleksander. |
| Lata pracy | 1996 - . |
| Instytucja | Politechnika Koszalińska - Instytut Ekonomii i Zarządzania, |
| Wydział | Zakład Turystyki |
| 245 10 - TYTUŁ/ODPOWIEDZIALNOŚĆ | |
| Tytuł | Analiza wykorzystania czasu wolnego przez dzieci i młodzież miasta Gdynia / |
| Pozostałe elementy strefy tytułu i oznaczenia odpowiedzialności | Aleksander Szwichtenberg, M Soroka. |
| 260 ## - STREFA ADRESU WYDAWNICZEGO | |
| Data publikacji, dystrybucji/powstania dokumentu | 2008. |
| 650 #0 - HASŁO PRZEDMIOTOWE W FORMIE NAZWY OGÓLNEJ LUB JEDNOSTKOWEJ | |
| Nazwa ogólna lub geograficzna | Turystyka. |
| 773 08 - TYTUŁ DOKUMENTU MACIERZYSTEGO | |
| Wyrażenie wprowadzające | W : |
| Tytuł | Turystyka i sport dla wszystkich w promocji zdrowego stylu życia / pod red. W.W. Gaworeckiego, Z. Mroczyńskiego. - |
| Adres wydawniczy | Gdańsk : Wydaw. Wyższej Szkoły Turystyki i Hotelarstwa, 2008. - |
| ISBN | 9788389081179 |
| Informacje dotyczące relacji | s. 382-392. |
| 942 ## - HASŁO DODATKOWE - ELEMENTY(KOHA) | |
| Typ dokumentu | Rozdział |
| Schemat klasyfikacji | Uniwersalna klasyfikacja dziesiętna |
Brak dostępnych egzemplarzy.
